Millennium family encyclopedia : Reference and index
| Format: | Book |
|---|---|
| Published: |
London :
Dorling Kindersley ,
1997
|
| Subjects: |
MARC
| LEADER | 00000cam a2200000 7i4500 | ||
|---|---|---|---|
| 001 | 0000005973 | ||
| 005 | 20071119.0 | ||
| 008 | 070814 | ||
| 020 | |a 075135614X | ||
| 090 | 0 | 0 | |a 030 |b MIL |
| 245 | 0 | 0 | |a Millennium family encyclopedia : |b Reference and index |
| 260 | |a London : |b Dorling Kindersley , |c 1997 | ||
| 300 | |a Volume 5 | ||
| 650 | 0 | |a Encyclopedia | |
| 999 | |a 0000896757 |b Book |c REFERENCE |e Cawangan Tangkak | ||
| 999 | |a 0000896759 |b Book |c REFERENCE |e Cawangan Tmn. Ungku Tun Aminah | ||
| 999 | |a 0000980180 |b Book |c REFERENCE |e Perbadanan Perpustakaan Awam Johor | ||